歴史上の戦いの名前・干支編 - Statistics

General Stats
  • This quiz has been taken 265 times
  • The average score is 5 of 7
Answer Stats
西暦 解説 戦乱名 元号 % Correct
1868 薩摩藩・長州藩・土佐藩を中心とする新政府軍と旧幕府軍との間の戦い __戦争 戊辰
90%
1894 李氏朝鮮王朝に対する朝鮮農民の反乱、東学党の乱とも __農民戦争 甲午
87%
672 天智天皇の後継をめぐり、弘文天皇(大友皇子)を大海人皇子が破った戦い __の乱 壬申
84%
1911 革命軍により中華民国が成立し、清国が滅亡した戦い __革命 辛亥
79%
645 中大兄皇子・中臣鎌足らが蘇我蝦夷・入鹿の親子を滅ぼした政変 __の変 乙巳
65%
1582 織田信長が武田氏を滅亡させ、明智光秀が織田信長を討ったことで権力の空白地帯と なった旧武田領に対して、徳川氏・北条氏・越後上杉氏の間で繰り広げられた戦乱 天正__の乱 壬午
33%
587 蘇我馬子と厩戸皇子らが物部守屋を滅ぼした戦い __の乱 丁未
12%
No matching quizzes found
Score Distribution
Percent of People with Each Score
Percentile by Number Answered
Your Score History
You have not taken this quiz